| 000 | 00000cam 2200000zi 4500 |
| 001 | 9.956470 |
| 003 | CaOODSP |
| 005 | 20260605141203 |
| 006 | m o d f |
| 007 | cr cn||||||||| |
| 008 | 251020t20252025quca o f000 0 fre d |
| 020 | |a9780660794020 |
| 040 | |aCaOODSP|bfre|erda|cCaOODSP |
| 043 | |an-cn--- |
| 045 | |ay2y2 |
| 086 | 1 |aEm20-212/2025F-PDF |
| 245 | 00|aMobilisation sur les priorités en matière de données et de recherche sur l'alimentation en milieu scolaire (2025) : |bce que nous avons entendu. |
| 264 | 1|a[Gatineau, Québec] : |bEmploi et deĢveloppement social Canada = Employment and Social Development Canada, |c[2025] |
| 264 | 4|c©2025 |
| 300 | |a1 ressource en ligne (25 pages) : |billustrations en couleur |
| 336 | |atexte|btxt|2rdacontent/fre |
| 337 | |ainformatique|bc|2rdamedia/fre |
| 338 | |aressource en ligne|bcr|2rdacarrier/fre |
| 500 | |aPublié aussi en anglais sous le titre : Engagement on school food data and research priorities (2025): what we heard. |
| 500 | |aEn tête du titre : Programme national d'alimentation scolaire. |
| 520 | |a« Emploi et développement social Canada (EDSC) et ses partenaires tentent de combler les principales lacunes en matière de données et de connaissances relatives aux programmes d'alimentation en milieu scolaire au Canada. L'objectif est de mettre en place un programme solide, fondé sur des données probantes, qui contribue à améliorer la santé, l'apprentissage et l'accès à des aliments nutritifs à l'école, ce qui permet de veiller à ce que chaque génération bénéficie du soutien dont elle a besoin pour atteindre son plein potentiel. Pour ce faire, en janvier et en février 2025, EDSC a mené une mobilisation à l'échelle nationale dans le but d'atteindre les objectifs suivants : cerner les lacunes et les priorités en matière de données et de recherche sur l'alimentation en milieu scolaire; trouver les meilleures façons de faire connaître les résultats de recherche sur l'alimentation en milieu scolaire; orienter les prochaines données et activités de recherche sur l'alimentation en milieu scolaire au Canada. Des personnes et des organisations spécialisées dans le domaine de l'alimentation en milieu scolaire ont fait part de leur point de vue en répondant à un questionnaire en ligne et en envoyant des observations écrites. Le présent rapport résume ce que nous avons entendu. … » -- Sommaire, page 1. |
| 650 | 6|aÉlèves du primaire|xAlimentation|xRecherche|zCanada|xOpinion publique. |
| 650 | 6|aOpinion publique|zCanada. |
| 710 | 1 |aCanada. |bEmploi et développement social Canada, |eorganisme de publication. |
| 775 | 08|tEngagement on school food data and research priorities (2025) : |w(CaOODSP)9.956468 |
| 856 | 40|qPDF|s1.98 Mo|uhttps://publications.gc.ca/collections/collection_2026/edsc-esdc/Em20-212-2025-fra.pdf |
| 856 | 4 |qHTML|sS.O.|uhttps://www.canada.ca/fr/emploi-developpement-social/programmes/alimentation-ecoles/rapports/engagement-donnees-priorites.html |